Type the U.S. Bill of Rights - Statistics

General Stats
  • This quiz has been taken 35 times
  • The average score is 230 of 462
Answer Stats
Answer % Correct
the
95%
The
95%
a
91%
A
91%
be
82%
right
82%
an
77%
to
77%
and
73%
arms,
73%
free
73%
of
73%
speech
73%
bear
68%
freedom
68%
religion,
68%
for
64%
no
64%
No
64%
people
64%
people.
64%
state,
64%
state
64%
States,
64%
States
64%
states,
64%
states
64%
law
59%
law;
59%
law,
59%
law.
59%
or
59%
press;
59%
rights,
59%
shall
59%
shall,
59%
by
55%
government
55%
in
55%
In
55%
person
55%
trial,
55%
trial
55%
with
55%
Congress
50%
it
50%
make
50%
not
50%
on
50%
petition
50%
speedy
50%
time
50%
United
50%
war,
50%
war
50%
without
50%
all
45%
are
45%
assemble,
45%
at
45%
establishment
45%
jury,
45%
jury
45%
militia,
45%
nor
45%
peace
45%
quartered
45%
soldier
45%
their
45%
well
45%
against
41%
any
41%
being
41%
exercise
41%
infringed.
41%
redress
41%
court
36%
grievances.
36%
house,
36%
keep
36%
property
36%
regulated
36%
thereof;
36%
where
36%
but
32%
cause,
32%
cause
32%
crime,
32%
crime
32%
cruel
32%
just
32%
militia,
32%
necessary
32%
prohibiting
32%
reserved
32%
searches
32%
secure
32%
security
32%
twice
32%
unusual
32%
when
32%
abridging
27%
case
27%
compensation
27%
consent
27%
Constitution,
27%
due
27%
held
27%
him;
27%
himself,
27%
impartial
27%
owner,
27%
peaceably
27%
private
27%
probable
27%
respecting
27%
seizures,
27%
witness
27%
accusation;
23%
been
23%
cases
23%
counsel
23%
criminal
23%
have
23%
issue,
23%
liberty,
23%
life
23%
life,
23%
manner
23%
place
23%
powers
23%
public
23%
punishments
23%
required,
23%
unreasonable
23%
which
23%
accused
18%
bail
18%
dollars,
18%
effects,
18%
exceed
18%
except
18%
Excessive
18%
excessive
18%
fines
18%
grand
18%
his
18%
houses,
18%
limb;
18%
papers,
18%
persons,
18%
persons
18%
process
18%
subject
18%
taken
18%
tried
18%
twenty
18%
unless
18%
upon
18%
use,
18%
according
14%
common
14%
construed
14%
defense.
14%
delegated
14%
deny
14%
district
14%
enumeration
14%
imposed,
14%
oath
14%
prescribed
14%
searched,
14%
seized.
14%
suits
14%
than
14%
things
14%
warrants
14%
affirmation,
9%
assistance
9%
committed,
9%
compelled
9%
compulsory
9%
controversy
9%
deprived
9%
describing
9%
disparage
9%
fact
9%
favor,
9%
infamous
9%
informed
9%
jeapordy
9%
land
9%
particularly
9%
prohibited
9%
prosperty,
9%
put
9%
respectively,
9%
rules
9%
same
9%
supported
9%
violated,
9%
witnesses
9%
actual
5%
answer
5%
arising
5%
ascertained
5%
capital,
5%
certain
5%
confronted
5%
danger;
5%
enjoy
5%
forces,
5%
indictment
5%
inflicted
5%
nature
5%
naval
5%
obtaining
5%
offense
5%
others
5%
otherwise
5%
presentment
5%
preserved,
5%
previously
5%
prosecutions,
5%
reexamined
5%
retained
5%
service
5%
value
5%
wherein
5%
No matching quizzes found
Score Distribution
Percent of People with Each Score
Percentile by Number Answered
Your Score History
You have not taken this quiz